| 000 | 01191cam a22003134a 4500 | ||
|---|---|---|---|
| 001 | 14255384 | ||
| 005 | 20070203085516.0 | ||
| 008 | 060206s2007 ilua 001 0 eng | ||
| 010 | _a 2006004028 | ||
| 020 | _a9780736066761 | ||
| 020 | _a0736066764 | ||
| 035 | _a(OCoLC)ocm63660759 | ||
| 040 |
_aDLC _cDLC _dC#P _dDLC |
||
| 042 | _apcc | ||
| 050 | 0 | 0 |
_aRA781 _b.C584 2007 |
| 082 | 0 | 0 |
_a613.7 _222 _bCOR |
| 100 | 1 | _aCorbin, Charles B. | |
| 245 | 1 | 0 |
_aFitness for life / _cCharles B. Corbin, Ruth Lindsey. |
| 250 | _aUpdated 5th ed. | ||
| 260 |
_aChampaign, IL : _bHuman Kinetics, _cc2007. |
||
| 300 |
_avii, 327 p. : _bcol. ill. ; _c29 cm. |
||
| 500 | _aIncludes index. | ||
| 650 | 0 | _aPhysical fitness. | |
| 700 | 1 |
_aLindsey, Ruth, _d1926- |
|
| 856 | 4 | 1 |
_3Table of contents _uhttp://www.loc.gov/catdir/toc/ecip068/2006004028.html |
| 942 |
_2ddc _cBB |
||
| 999 |
_c10856 _d10856 |
||